Statistics for Random Facts

Click here to take the quiz!

General Stats

  • This quiz has been taken 40 times
    (34 since last reset)
  • The average score is 4 of 5

Answer Stats

QuestionAnswer% Correct
What country's capital is Washington D.CUnited States
100%
What is the largest country?Russia
97%
Which country is Buenos Aires located in?Argentina
81%
What is the biggest Caribbean Island?Cuba
74%
What is the most populated country in Asia?India
61%

Score Distribution

Percentile by Number Answered

Percent of People with Each Score

Your Score History

You have not taken this quiz since the last reset